000
00320nam a2200121Ia 4500
008
220216s9999 xx 000 0 und d
100
_a
Pazur Richard J
245
0
_a
State of cure measurements in peroxide and sulfur cured EPDM
260
_b
Rubber World
_c
2009
300
_a
25-34
700
_a
Walker F J
942
_c
JS
999
_c
69251
_d
69251